000 00722nam a2200217Ia 4500
005 20241129111455.0
008 241129s9999||||xx |||||||||||||| ||und||
020 _a978-93-89137-29-3
037 _aTB
040 _aCRL
_beng
_cCRL
041 _aeng
_2eng
084 _aV2:19421.P1 R0
_qCRL
100 _aPanda Jagannath P. Ed.
_9724524
245 0 _aScaling India - Japan cooperation in indo - pacific and beyond 2025: corridors, connectivity and contours
_cPanda Jagannath P. Ed.
260 _aNew Delhi, India
_bKW Publishers Pvt. Ltd.
_c2020
300 _axxxii,331p.
365 _aINR
_b1280
650 _aIndian HistoryForeign Policy
942 _cTB
_hV2:19421.P1 R0
999 _c1230636
_d1230636